Una vita quasi perfetta /

Un thriller psicologico inquietante e coinvolgente che ribalterà ogni sicurezzaSophia vive insieme al marito nel lussuoso complesso di Arcadia Gardens, una comunità isolata da tutto. Perfette sono le sfavillanti case dotate di sofisticati sistemi di sicurezza, perfetto è il vicinato e perfetta è anc...

Descrizione completa

Salvato in:
Dettagli Bibliografici
Autore principale: Valente, Catherynne M. (Autore)
Natura: Libro
Lingua:italiano
Pubblicazione: Roma : Newton Compton, 2023
Serie:Gli insuperabili gold ; 419
Tags: Aggiungi Tag
Nessun Tag, puoi essere il primo ad aggiungerne!!

MARC

LEADER 00000nam a22000007i 4500
001 IT\ICCU\BVE\0950884
003 ItRI
005 20250513114009.0
008 231213s2023 it |||||| ||||| |||||c
040 |b ita  |c Arcigay Queer VdA 
041 7 |a ita  |2 ISO-639-2 
100 1 |a Valente, Catherynne M.  |0 IT\ICCU\ANAV\214976  |4 aut 
240 1 0 |a Comfort me with apples  |9 Valente, Catherynne M. 
245 1 4 |a Una vita quasi perfetta /  |c Catherynne M. Valente. 
260 |a Roma :  |b Newton Compton,  |c 2023 
300 |a 123 p. ;  |c 20 cm 
500 |a In quarta di copertina: disponibile in e-book 
520 |a Un thriller psicologico inquietante e coinvolgente che ribalterà ogni sicurezzaSophia vive insieme al marito nel lussuoso complesso di Arcadia Gardens, una comunità isolata da tutto. Perfette sono le sfavillanti case dotate di sofisticati sistemi di sicurezza, perfetto è il vicinato e perfetta è anche la vita di Sophia. Suo marito è dolce e premuroso, e lei sente che sono fatti per stare insieme. Certo, il suo lavoro lo tiene lontano da casa un po’ troppo spesso, ma è un piccolo prezzo da pagare per una vita così impeccabile.Eppure, pian piano dei dubbi si insinuano nell’idillio di Sophia.... 
830 4 |a Gli insuperabili gold ;  |v 419  |0 IT\ICCU\VIA\0299516 
942 |2 ddc  |c BK 
952 |0 0  |1 0  |2 ddc  |4 0  |6 813_600000000000000_VAL_VIT  |7 0  |9 4253  |a AO  |b AO  |d 2025-05-13  |l 0  |o 813.6 VAL VIT  |p 11430  |r 2025-05-13 11:41:17  |w 2025-05-13  |x PROPRIETA DI SCORZONI GRETA  |y BK 
981 1 |6 z01  |a i   |b xxxe  
982 1 |6 z01  |a n 
999 |c 3270  |d 3270